LIBRARY & INFORMATION CENTRE, KCAET, TAVANUR

ONLINE PUBLIC ACCESS CATALOGUE (OPAC)

Geometry of Rene descartes / (Record no. 10523)

MARC details
000 -LEADER
fixed length control field 00421cam a2200157ua 4500
041 ## - LANGUAGE CODE
Language code of text/sound track or separate title eng
082 ## - DEWEY DECIMAL CLASSIFICATION NUMBER
Classification number 516.18
Item number EUG/GE
100 ## - MAIN ENTRY--AUTHOR NAME
Personal name Eugene smith, David .
245 ## - TITLE STATEMENT
Title Geometry of Rene descartes /
260 ## - PUBLICATION, DISTRIBUTION, ETC. (IMPRINT)
Place of publication New York :
Name of publisher Dover Publications ,
Year of publication 1954.
300 ## - PHYSICAL DESCRIPTION
Number of Pages 256 :
Other physical details 506 ; .
700 1# - ADDED ENTRY--PERSONAL NAME
Personal name Latham, Marcia .
942 ## - ADDED ENTRY ELEMENTS (KOHA)
Koha item type Books
Holdings
Withdrawn status Lost status Damaged status Home library Current library Date acquired Full call number Accession Number Koha item type
      KAUAET KAUAET 07/04/2012 516.18 4849 Books
free website counter